| 000 | 00602nam a22001817a 4500 | ||
|---|---|---|---|
| 003 | BD-DhUL | ||
| 005 | 20171228101039.0 | ||
| 008 | 171228s1979 ii |||| |||| 000 0 ben d | ||
| 040 |
_aBD-DhUL _cBD-DhUL |
||
| 082 |
_a891.443 _bGUD |
||
| 100 | 1 | _aগুহ, বুদ্ধদেব। | |
| 245 | 1 |
_aদূরের ভোর / _cবুদ্ধদেব গুহ। |
|
| 260 |
_aকলিকাতা : _bদে’জ, _c১৯৭৯। |
||
| 300 |
_a১৩৪ পৃ. ; _c২১ সেমি. |
||
| 650 | 4 | _aবাংলা উপন্যাস | |
| 650 | 4 | _aBengali fiction | |
| 942 |
_2ddc _cBK |
||
| 999 |
_c236136 _d236136 |
||